Country Flags but Nordic - Statistics

General Stats
  • This quiz has been taken 16 times
    15 since last reset
  • The average score is 43 of 50
Answer Stats
Picture Answer % Correct
Albania
100%
Belgium
100%
Brazil
100%
Canada
100%
Croatia
100%
Germany
100%
Mexico
100%
Portugal
100%
Russia
100%
Spain
100%
United Kingdom
100%
Czechia
92%
Egypt
92%
Estonia
92%
Greece
92%
Ireland
92%
Israel
92%
Italy
92%
Netherlands
92%
Poland
92%
Saudi Arabia
92%
Slovakia
92%
United States of America
92%
Vatican City
92%
Austria
85%
Barbados
85%
Japan
85%
Laos
85%
Latvia
85%
Northern Ireland
85%
North Korea
85%
San Marino
85%
South Africa
85%
South Korea
85%
Switzerland
85%
Bahamas
77%
France
77%
Hungary
77%
Lithuania
77%
Luxemburg
77%
USSR
77%
Zambia
77%
Tanzania
69%
Trinidad
69%
Vietnam
69%
China
62%
Nigeria
62%
St Kitts and Nevis
62%
Thailand
62%
Lichtenstein
38%
No matching quizzes found
Score Distribution
Percent of People with Each Score
Percentile by Number Answered
Your Score History
You have not taken this quiz since the last reset